Advances in taxation. Vol. 19

"Advances in Taxation" publishes articles dealing with all aspects of taxation. Articles can address tax policy issues at the federal, state, local, or international level. The series primarily publishes empirical studies that address compliance, computer usage, education, legal, planning,...

Full description

Saved in:
Bibliographic Details
Other Authors Stock, Toby
Format eBook
LanguageEnglish
Published Bingley, UK : Emerald, 2010.
Subjects
Online AccessFull text
ISBN9780857241405
0857241400
9780857241399
0857241397
Physical Description1 online zdroj (viii, 183 p.)

Cover

LEADER 00000nam a2200000 a 4500
001 70178
003 CZ-ZlUTB
005 20251006165717.0
006 m d
007 cr un
008 100824s2010 xxk s 000 0 eng d
020 |a 9780857241405  |q (ebook) 
020 |a 0857241400  |q (ebook) 
020 |z 9780857241399  |q (hbk.) 
020 |z 0857241397  |q (hbk.) 
040 |a ZJC  |c ZJC  |b cze  |d ZLD002 
080 |a 336.2 
245 0 0 |a Advances in taxation.  |n Vol. 19  |h [elektronický zdroj] /  |c edited by Toby Stock. 
260 |a Bingley, UK :  |b Emerald,  |c 2010. 
300 |a 1 online zdroj (viii, 183 p.) 
505 0 |a Probability perceptions and taxpayer decision-making behavior / Hugh Pforsich, Susan Gill and Debra Sanders -- Savings and framing effects on participation in individual retirement accounts: more evidence from tax return data / Charles R. Enis -- The effects of observing a peer's likelihood of reporting income on tax reporting decisions / Martha L. Wartick and Timothy J. Rupert -- Measuring taxpayers' motivation to hire tax preparers: the development of a four-construct scale / Teresa Stephenson -- Microanomie as an explanation of tax fraud: a preliminary investigation / Michele W. Ganon and James J. Donegan -- Property tax and other wealth taxes internationally: evidence from OECD countries / Sonja Pippin, Mehmet Tosun, Charles Carslaw, and Richard Mason -- Readability of tax court opinions / Cynthia M. Daily, Roger W. Dorsey, and Gaurav Kumar. 
520 |a "Advances in Taxation" publishes articles dealing with all aspects of taxation. Articles can address tax policy issues at the federal, state, local, or international level. The series primarily publishes empirical studies that address compliance, computer usage, education, legal, planning, or policy issues. These studies generally involve interdisciplinary research that incorporates theories from accounting, economics, finance, psychology, and sociology. 
588 |a Description based on print version record. 
504 |a Obsahuje bibliografie 
506 |a Plný text je dostupný pouze z IP adres počítačů Univerzity Tomáše Bati ve Zlíně nebo vzdáleným přístupem pro zaměstnance a studenty univerzity 
650 4 |a Taxation. 
655 7 |a elektronické knihy  |7 fd186907  |2 czenas 
655 9 |a electronic books  |2 eczenas 
700 1 |a Stock, Toby. 
776 0 8 |i Print version:  |t Advances in taxation. Vol. 19.  |d Bingley : Emerald, 2010  |z 9780857241399  |w (OCoLC)619611605 
856 4 0 |u https://proxy.k.utb.cz/login?url=http://www.emeraldinsight.com/1058-7497/19 
992 |a BK  |c EBOOK-TN  |c BME 
999 |c 70178  |d 70178 
993 |x NEPOSILAT  |y EIZ